| 000 | 00474nam a2200145 4500 | ||
|---|---|---|---|
| 999 |
_c509712 _d509712 |
||
| 008 | 190522b ||||| |||| 00| 0 eng d | ||
| 100 |
_aHoffmann, Michael Peter _95885 |
||
| 245 | _aFrom bonded to industrial labour: precarity, maoism, and ethnicity in a modern industrial factory in western Nepal | ||
| 260 | _c2018 | ||
| 300 | _ap.1917-1937. | ||
| 650 |
_aLabour - Nepal _95886 |
||
| 773 | _aModern Asian Studies | ||
| 906 | _aBonded labour - Nepal | ||
| 942 |
_2ddc _cAR |
||